El juguete rabioso / (Registro nro. 877)
[ vista simple ]
| 000 -LEADER | |
|---|---|
| fixed length control field | 01163nam a22002297a 4500 |
| 003 - CONTROL NUMBER IDENTIFIER | |
| control field | AR-RoUNCS |
| 005 - DATE AND TIME OF LATEST TRANSACTION | |
| control field | 20260204143512.0 |
| 008 - FIXED-LENGTH DATA ELEMENTS--GENERAL INFORMATION | |
| fixed length control field | 260204s2019 ag ||||| |||| 00| f spa d |
| 020 ## - INTERNATIONAL STANDARD BOOK NUMBER | |
| International Standard Book Number | 978-987-725-331-3 |
| 040 ## - CATALOGING SOURCE | |
| Language of cataloging | spa |
| Transcribing agency | AR-RoUNCS |
| 080 ## - UNIVERSAL DECIMAL CLASSIFICATION NUMBER | |
| Authority record control number or standard number | 82-31(82) |
| 100 1# - MAIN ENTRY--PERSONAL NAME | |
| Personal name | Arlt, Roberto |
| Dates associated with a name | (1900-1942), |
| Relator term | autor |
| 245 13 - TITLE STATEMENT | |
| Title | El juguete rabioso / |
| Statement of responsibility, etc. | Roberto Arlt. |
| 250 ## - EDITION STATEMENT | |
| Edition statement | 1a ed. |
| 260 ## - PUBLICATION, DISTRIBUTION, ETC. | |
| Place of publication, distribution, etc. | Buenos Aires : |
| Name of publisher, distributor, etc. | Debolsillo, |
| Date of publication, distribution, etc. | 2019. |
| 300 ## - PHYSICAL DESCRIPTION | |
| Extent | 192 p. ; |
| Dimensions | 19 cm. |
| 490 0# - SERIES STATEMENT | |
| Series statement | Contemporánea |
| 520 3# - SUMMARY, ETC. | |
| Summary, etc. | La primera novela de Roberto Arlt narra en cuatro episodios la lucha de un adolescente (Silvio Astier) por escapar de la miseria y humillación a la que se ve sometido como consecuencia de su condición social, marcada por la marginación y la pobreza. Como en los claros referentes de la novela picaresca, el héroe —o antihéroe— trata de conquistar el paraíso de la abundancia sin obtener más que tropiezos caricaturescos en un entramado hostil, repleto de personajes patéticos, ruines y desesperados que Silvio soporta con aires de resignación. |
| 650 #7 - SUBJECT ADDED ENTRY--TOPICAL TERM | |
| Topical term or geographic name entry element | Literatura argentina |
| Source of heading or term | embne |
| 655 #7 - INDEX TERM--GENRE/FORM | |
| Genre/form data or focus term | Novelas |
| Source of term | embne |
| 942 ## - ADDED ENTRY ELEMENTS (KOHA) | |
| Source of classification or shelving scheme | Universal Decimal Classification |
| Koha item type | Obra General |
| Suppress in OPAC | No |
| Withdrawn status | Lost status | Source of classification or shelving scheme | Damaged status | Not for loan | Home library | Current library | Date acquired | Source of acquisition | Total checkouts | Full call number | Barcode | Date last seen | Price effective from | Koha item type |
|---|---|---|---|---|---|---|---|---|---|---|---|---|---|---|
| Universal Decimal Classification | Biblioteca Escuela de Ciencias Sociales | Biblioteca Escuela de Ciencias Sociales | 04/02/2026 | Donación 2023 | 82-31(82) AR725 | 000520 | 04/02/2026 | 04/02/2026 | Libro de préstamo a domicilio |